[Event "OP-2022-0-05267"]
[Site "LSS email"]
[Date "2022.03.09"]
[Round "?"]
[White "Mueller, Bernd"]
[Black "Borchardt, Petra"]
[Result "1-0"]
[WhiteElo "1788"]
[BlackElo "1624"]
[PlyCount "47"]
[EventDate "2022.03.07"]
[EventType "tourn (corr)"]
[EventRounds "4"]
[EventCountry "GER"]
[SourceTitle "Corr 2024"]
[Source "ChessBase"]
[SourceDate "2023.10.19"]
[SourceVersion "1"]
[SourceVersionDate "2023.10.19"]
[SourceQuality "1"]

1. e4 e5 2. Be2 Nc6 3. Nf3 Nf6 4. Nc3 d5 5. exd5 Nxd5 6. d3 Bb4 7. Bd2 Nxc3 8. Bxc3 Bxc3+ 9. bxc3 f5 10. 0-0 Qd6 11. a4 0-0 12. Re1 Bd7 13. Nd2 Rae8 14. Nc4 Qf6 15. a5 Be6 16. a6 b6 17. Qd2 Bxc4 18. dxc4 e4 19. f4 Rd8 20. Qe3 Ne7 21. c5 Nd5 22. Bc4 Kh8 23. Qd4 Qxd4+ 24. cxd4 1-0

[Event "LSS RC-2022-0-00258"]
[Site "LSS email"]
[Date "2022.01.20"]
[Round "?"]
[White "Keller, Thomas"]
[Black "Mueller, Bernd"]
[Result "0-1"]
[WhiteElo "1618"]
[BlackElo "1790"]
[PlyCount "24"]
[EventDate "2021.05.23"]
[EventType "tourn (corr)"]
[EventRounds "6"]
[EventCountry "GER"]
[SourceTitle "Corr 2024"]
[Source "ChessBase"]
[SourceDate "2023.10.19"]
[SourceVersion "1"]
[SourceVersionDate "2023.10.19"]
[SourceQuality "1"]

1. e4 e5 2. Nf3 Nc6 3. Bb5 Nf6 4. 0-0 Nxe4 5. Re1 Nd6 6. Bxc6 dxc6 7. Nxe5 Be7 8. d4 0-0 9. Nc3 Nf5 10. d5 cxd5 11. Qxd5 c6 12. Qe4 Re8 0-1

[Event "RB-2021-0-00410"]
[Site "LSS email"]
[Date "2021.12.02"]
[Round "?"]
[White "Mueller, Bernd"]
[Black "Baltar, Antoni"]
[Result "0-1"]
[WhiteElo "1862"]
[BlackElo "1907"]
[PlyCount "76"]
[EventDate "2021.08.24"]
[EventType "tourn (corr)"]
[EventRounds "6"]
[EventCountry "GER"]
[SourceTitle "Corr 2024"]
[Source "ChessBase"]
[SourceDate "2023.10.19"]
[SourceVersion "1"]
[SourceVersionDate "2023.10.19"]
[SourceQuality "1"]

1. b4 e5 2. Bb2 Bxb4 3. Bxe5 Nf6 4. e3 0-0 5. a3 Be7 6. c4 d5 7. Nf3 c5 8. cxd5 Nxd5 9. Bb2 Nc6 10. Qc2 Bf6 11. Bc4 Be6 12. Be2 b5 13. Nc3 Nxc3 14. Bxc3 b4 15. axb4 cxb4 16. Bxf6 Qxf6 17. 0-0 Rfc8 18. Qa4 Rab8 19. Rac1 Bd7 20. Bb5 Qd6 21. d4 b3 22. Rb1 Rxb5 23. Qxb5 Nxd4 24. Qb7 Nxf3+ 25. Qxf3 Qb6 26. Rfd1 Be6 27. Qe4 a5 28. Rb2 h6 29. Qa4 Rc3 30. h3 Qc5 31. Kh2 Qc7+ 32. f4 Rxe3 33. Ra1 Kh7 34. Qd4 Rc3 35. Qe4+ g6 36. Qe5 Qxe5 37. fxe5 Rc5 38. Ra3 Kg7 0-1

[Event "RB-2021-0-00410"]
[Site "LSS email"]
[Date "2021.11.28"]
[Round "?"]
[White "Cleto Junior, Dirceu"]
[Black "Mueller, Bernd"]
[Result "1-0"]
[WhiteElo "1983"]
[BlackElo "1862"]
[PlyCount "81"]
[EventDate "2021.08.24"]
[EventType "tourn (corr)"]
[EventRounds "6"]
[EventCountry "GER"]
[SourceTitle "Corr 2024"]
[Source "ChessBase"]
[SourceDate "2023.10.19"]
[SourceVersion "1"]
[SourceVersionDate "2023.10.19"]
[SourceQuality "1"]

1. d4 h6 2. e4 e6 3. Nc3 d5 4. Bd3 c5 5. exd5 exd5 6. dxc5 Nf6 7. Be3 Nc6 8. Bb5 Be7 9. Nge2 0-0 10. h3 Qc7 11. 0-0 Rd8 12. Bf4 Qd7 13. b4 d4 14. Na4 Nd5 15. a3 a5 16. Nb6 Nxb6 17. cxb6 Bd6 18. Qd2 Qe6 19. bxa5 Nxa5 20. Rad1 Qg6 21. Bxd6 Rxd6 22. c4 d3 23. Ng3 Rxb6 24. a4 Rf6 25. Qc3 Bf5 26. Nxf5 Rxf5 27. Qxd3 Rg5 28. Qf3 Qf5 29. Qe3 Qe5 30. Rd5 Qxe3 31. fxe3 Rc8 32. h4 Rxd5 33. cxd5 Kf8 34. e4 Ke7 35. e5 Rd8 36. d6+ Ke6 37. d7 Ke7 38. Rd1 Nb3 39. Rd5 Na5 40. Kf2 Ke6 41. Rc5 1-0

[Event "SB-2021-0-00625"]
[Site "LSS email"]
[Date "2021.11.25"]
[Round "?"]
[White "Grillo, Roberto"]
[Black "Mueller, Bernd"]
[Result "1/2-1/2"]
[WhiteElo "1866"]
[BlackElo "1862"]
[PlyCount "60"]
[EventDate "2021.09.06"]
[EventType "tourn (corr)"]
[EventRounds "6"]
[EventCountry "GER"]
[SourceTitle "Corr 2024"]
[Source "ChessBase"]
[SourceDate "2023.10.19"]
[SourceVersion "1"]
[SourceVersionDate "2023.10.19"]
[SourceQuality "1"]

1. d4 d5 2. c4 e6 3. Nf3 Nf6 4. g3 Bb4+ 5. Bd2 Be7 6. Bg2 dxc4 7. Qa4+ c6 8. Qxc4 b5 9. Qc2 Bb7 10. 0-0 0-0 11. Nc3 Nbd7 12. Ne5 Nxe5 13. dxe5 Nd5 14. Ne4 c5 15. Rfd1 Rc8 16. Rac1 h6 17. Nd6 Bxd6 18. exd6 Qxd6 19. e4 Nb6 20. Bxh6 Qe7 21. Bf4 e5 22. Bd2 Rfd8 23. h4 Bc6 24. Bf1 Rd4 25. Bg5 Qe6 26. f3 Qxa2 27. Ra1 Qe6 28. Rxa7 Qd6 29. Rc1 Na4 30. b3 c4 1/2-1/2

[Event "SB-2021-0-00625"]
[Site "LSS email"]
[Date "2021.11.20"]
[Round "?"]
[White "Mueller, Bernd"]
[Black "Blair, Matthew"]
[Result "0-1"]
[WhiteElo "1862"]
[BlackElo "1879"]
[PlyCount "46"]
[EventDate "2021.09.06"]
[EventType "tourn (corr)"]
[EventRounds "6"]
[EventCountry "GER"]
[SourceTitle "Corr 2024"]
[Source "ChessBase"]
[SourceDate "2023.10.19"]
[SourceVersion "1"]
[SourceVersionDate "2023.10.19"]
[SourceQuality "1"]

1. e4 c6 2. d4 d5 3. Nc3 dxe4 4. Nxe4 Bf5 5. Ng3 Bg6 6. Nf3 Nf6 7. Bd3 e6 8. 0-0 Nbd7 9. Bxg6 hxg6 10. Bf4 Be7 11. Qe2 0-0 12. c3 c5 13. Rad1 cxd4 14. Rxd4 Qa5 15. a3 Rfd8 16. Rfd1 Nb6 17. Nf1 Rac8 18. Bd6 Bxd6 19. Rxd6 Rxd6 20. Rxd6 Nfd5 21. Rxd5 Qxd5 22. Ne3 Qa2 23. Qd2 Qb1+ 0-1

[Event "RB-2021-0-00409"]
[Site "LSS email"]
[Date "2021.11.20"]
[Round "?"]
[White "Mueller, Bernd"]
[Black "Hoppe, Arnold"]
[Result "1/2-1/2"]
[WhiteElo "1862"]
[BlackElo "1998"]
[PlyCount "90"]
[EventDate "2021.08.04"]
[EventType "tourn (corr)"]
[EventRounds "6"]
[EventCountry "GER"]
[SourceTitle "Corr 2024"]
[Source "ChessBase"]
[SourceDate "2023.10.19"]
[SourceVersion "1"]
[SourceVersionDate "2023.10.19"]
[SourceQuality "1"]

1. e4 c5 2. Nf3 e6 3. Nc3 Nc6 4. Bb5 Nd4 5. 0-0 a6 6. Bd3 Nxf3+ 7. Qxf3 Qc7 8. h3 Bd6 9. Qg4 Ne7 10. b3 Ng6 11. a4 0-0 12. a5 Bh2+ 13. Kh1 Be5 14. Bb2 Rd8 15. Rfe1 d6 16. Nd1 Bd7 17. Bxe5 Nxe5 18. Qg3 Rf8 19. f4 Nxd3 20. Qxd3 f5 21. e5 d5 22. Nb2 h6 23. Qe3 Kh7 24. Kh2 Rad8 25. c4 d4 26. Qg3 Bc6 27. Nd3 Qe7 28. h4 Rb8 29. Ra3 Rg8 30. Kg1 g6 31. b4 cxb4 32. Rb3 Rbc8 33. Rxb4 Rg7 34. c5 Qd8 35. Rb6 Qd5 36. Ra1 Bb5 37. Rd6 Qb3 38. Rxd4 Rcc7 39. c6 Bxc6 40. Qe3 Be4 41. Kh2 Rc2 42. Rd6 Re7 43. Rc1 Bxd3 44. Rxd3 Qxd3 45. Qxd3 Rxc1 1/2-1/2

[Event "RB-2021-0-00409"]
[Site "LSS email"]
[Date "2021.11.19"]
[Round "?"]
[White "Baltar, Antoni"]
[Black "Mueller, Bernd"]
[Result "1-0"]
[WhiteElo "1854"]
[BlackElo "1862"]
[PlyCount "117"]
[EventDate "2021.08.04"]
[EventType "tourn (corr)"]
[EventRounds "6"]
[EventCountry "GER"]
[SourceTitle "Corr 2024"]
[Source "ChessBase"]
[SourceDate "2023.10.19"]
[SourceVersion "1"]
[SourceVersionDate "2023.10.19"]
[SourceQuality "1"]

1. e4 g6 2. d4 Bg7 3. Nc3 d6 4. Be3 Nf6 5. f3 c6 6. Qd2 0-0 7. 0-0-0 h5 8. h4 Nbd7 9. g4 e5 10. gxh5 Nxh5 11. Nge2 b5 12. d5 Nb6 13. Bxb6 Qxb6 14. dxc6 Qxc6 15. Qxd6 Qb7 16. Nd5 Be6 17. Nec3 Rfd8 18. Qb4 a6 19. a3 Nf4 20. h5 Nxh5 21. Bh3 Bf8 22. Qa5 Rd6 23. Bxe6 fxe6 24. Ne3 Qf7 25. Kb1 Rxd1+ 26. Rxd1 Qxf3 27. Qb6 Nf4 28. Rg1 Qf2 29. Rd1 Qf3 30. Ka2 Bg7 31. Rd7 Rf8 32. Qb7 Bf6 33. Ncd1 g5 34. Rh7 Nh5 35. Rh6 Ng7 36. Qxa6 Qxe4 37. Qxb5 g4 38. Qb4 Qxb4 39. axb4 g3 40. Rg6 Bh4 41. Ng2 Be7 42. b5 Kf7 43. Rxg3 Ra8+ 44. Kb1 Nf5 45. Rf3 Ke8 46. Nge3 Nd4 47. Rh3 Nxb5 48. Nc4 Ra4 49. Nxe5 Bf6 50. Re3 Nc7 51. Nd3 Rg4 52. c3 Rg2 53. N1f2 Ke7 54. Re4 Nd5 55. c4 Nb6 56. Kc2 Rh2 57. Kb3 Rh8 58. Ng4 Nd7 59. Nxf6 1-0

[Event "LSS No Engine Cup 223 Preliminary 0"]
[Site "LSS email"]
[Date "2021.11.19"]
[Round "?"]
[White "Hoehne, Volkmar"]
[Black "Mueller, Bernd"]
[Result "1-0"]
[WhiteElo "2114"]
[BlackElo "2085"]
[PlyCount "71"]
[EventDate "2021.11.19"]
[EventType "tourn (corr)"]
[EventRounds "6"]
[EventCountry "GER"]
[SourceTitle "Corr 2024"]
[Source "ChessBase"]
[SourceDate "2023.10.19"]
[SourceVersion "1"]
[SourceVersionDate "2023.10.19"]
[SourceQuality "1"]

1. e4 e5 2. Nf3 Nf6 3. Nxe5 d6 4. Nf3 Nxe4 5. d4 Nc6 6. Bd3 d5 7. 0-0 Be7 8. Re1 Bg4 9. c3 f5 10. Nbd2 0-0 11. Qb3 Na5 12. Qa4 c5 13. Ne5 Bh5 14. f3 cxd4 15. cxd4 Bh4 16. Re2 Be8 17. Qd1 Qb6 18. fxe4 dxe4 19. Nxe4 Qxd4+ 20. Kh1 Qxe5 21. Ng5 Qd5 22. Ne6 Bh5 23. Nc7 Qd6 24. Nxa8 Rxa8 25. Qd2 Bxe2 26. Qxe2 Rd8 27. Bc2 g6 28. Bh6 Qd7 29. b4 Re8 30. Qf1 Rc8 31. Rc1 Nc4 32. Bb3 b5 33. a4 Kh8 34. axb5 Ne5 35. Rxc8+ Qxc8 36. Qa1 1-0

[Event "LSS No Engine Cup 223 Preliminary 0"]
[Site "LSS email"]
[Date "2021.11.19"]
[Round "?"]
[White "Mueller, Bernd"]
[Black "Hoehne, Ernst"]
[Result "0-1"]
[WhiteElo "2085"]
[BlackElo "2031"]
[PlyCount "56"]
[EventDate "2021.11.19"]
[EventType "tourn (corr)"]
[EventRounds "6"]
[EventCountry "GER"]
[SourceTitle "Corr 2024"]
[Source "ChessBase"]
[SourceDate "2023.10.19"]
[SourceVersion "1"]
[SourceVersionDate "2023.10.19"]
[SourceQuality "1"]

1. b3 e5 2. c4 Nc6 3. f4 exf4 4. Nf3 Be7 5. d4 Bh4+ 6. Kd2 Bf6 7. Kc2 d5 8. Bxf4 dxc4 9. e3 Bf5+ 10. Kb2 g5 11. Bg3 g4 12. Nc3 gxf3 13. Qxf3 Nge7 14. Bxc4 Qd7 15. Rac1 0-0 16. Qf4 Na5 17. Bf1 c5 18. Ne4 Bxe4 19. Qxf6 Qe6 20. Qxe6 fxe6 21. Rxc5 Rf5 22. Be1 Raf8 23. Rxf5 Rxf5 24. Rg1 Nac6 25. Be2 Rf6 26. Kc3 Rg6 27. Bg3 Nf5 28. Bf4 Bxg2 0-1

[Event "LSS No Engine Cup 223 Preliminary 0"]
[Site "LSS email"]
[Date "2021.11.19"]
[Round "?"]
[White "Mueller, Bernd"]
[Black "Portas, Daniel"]
[Result "1/2-1/2"]
[WhiteElo "2085"]
[BlackElo "1690"]
[PlyCount "30"]
[EventDate "2021.11.19"]
[EventType "tourn (corr)"]
[EventRounds "6"]
[EventCountry "GER"]
[SourceTitle "Corr 2024"]
[Source "ChessBase"]
[SourceDate "2023.10.19"]
[SourceVersion "1"]
[SourceVersionDate "2023.10.19"]
[SourceQuality "1"]

1. b3 e5 2. e3 d5 3. d4 e4 4. c4 Nf6 5. cxd5 Nxd5 6. Ne2 Bb4+ 7. Bd2 Bg4 8. a3 Bd6 9. Qc2 Qe7 10. Nbc3 Nxc3 11. Nxc3 Bf5 12. Nd5 Qd7 13. Nc3 Qe7 14. Nd5 Qd7 15. Nc3 Qe7 1/2-1/2

[Event "RB-2021-0-00409"]
[Site "LSS email"]
[Date "2021.11.16"]
[Round "?"]
[White "Mueller, Bernd"]
[Black "Jacewicz, Grzegorz"]
[Result "0-1"]
[WhiteElo "1862"]
[BlackElo "1983"]
[PlyCount "66"]
[EventDate "2021.08.04"]
[EventType "tourn (corr)"]
[EventRounds "6"]
[EventCountry "GER"]
[SourceTitle "Corr 2024"]
[Source "ChessBase"]
[SourceDate "2023.10.19"]
[SourceVersion "1"]
[SourceVersionDate "2023.10.19"]
[SourceQuality "1"]

1. b3 e5 2. Bb2 Nc6 3. e3 g6 4. c4 Bg7 5. Nf3 d6 6. Be2 f5 7. 0-0 Nf6 8. Nc3 0-0 9. d4 e4 10. Ng5 Ne7 11. h4 h6 12. Nh3 a6 13. g3 b5 14. cxb5 axb5 15. Bxb5 d5 16. Be2 g5 17. hxg5 hxg5 18. Nxg5 Bh6 19. Nh3 f4 20. Nxf4 Bxf4 21. exf4 Qd7 22. f3 Qh3 23. Rf2 Kf7 24. Qf1 Qxg3+ 25. Rg2 Qh4 26. Qf2 Qh7 27. f5 Bxf5 28. Rh2 Bh3 29. Kh1 e3 30. Qxe3 Rg8 31. Rg1 Rxg1+ 32. Qxg1 Nf5 33. Bf1 Rg8 0-1

[Event "SB-2021-0-00624"]
[Site "LSS email"]
[Date "2021.11.10"]
[Round "?"]
[White "Mueller, Bernd"]
[Black "D'Emilia, Jack"]
[Result "1/2-1/2"]
[WhiteElo "1862"]
[BlackElo "1872"]
[PlyCount "37"]
[EventDate "2021.08.21"]
[EventType "tourn (corr)"]
[EventRounds "6"]
[EventCountry "GER"]
[SourceTitle "Corr 2024"]
[Source "ChessBase"]
[SourceDate "2023.10.19"]
[SourceVersion "1"]
[SourceVersionDate "2023.10.19"]
[SourceQuality "1"]

1. c4 e5 2. Nc3 Nf6 3. Nf3 Nc6 4. a3 d5 5. cxd5 Nxd5 6. e4 Nf4 7. d4 exd4 8. Nxd4 Nxg2+ 9. Bxg2 Nxd4 10. 0-0 Ne6 11. Be3 Qxd1 12. Raxd1 g5 13. Nd5 Bd6 14. e5 Bxe5 15. Rfe1 f6 16. Bxg5 Kf7 17. f4 c6 18. fxe5 fxg5 19. Rf1+ 1/2-1/2

[Event "RB-2021-0-00406"]
[Site "LSS email"]
[Date "2021.08.17"]
[Round "?"]
[White "Mueller, Bernd"]
[Black "Hoppe, Arnold"]
[Result "0-1"]
[WhiteElo "1862"]
[BlackElo "1853"]
[PlyCount "126"]
[EventDate "2021.05.20"]
[EventType "tourn (corr)"]
[EventRounds "6"]
[EventCountry "GER"]
[SourceTitle "Corr 2024"]
[Source "ChessBase"]
[SourceDate "2023.10.19"]
[SourceVersion "1"]
[SourceVersionDate "2023.10.19"]
[SourceQuality "1"]

1. e4 c5 2. Nf3 d6 3. Nc3 Nf6 4. d4 cxd4 5. Nxd4 Nc6 6. Bg5 e6 7. Qd2 a6 8. 0-0-0 h6 9. Be3 Be7 10. Be2 Bd7 11. a3 b5 12. f4 b4 13. Nxc6 Bxc6 14. axb4 0-0 15. Bf3 Nd7 16. Qd4 Qb8 17. Rhe1 Rc8 18. f5 e5 19. Qc4 Nf6 20. Qb3 Qc7 21. Be2 Nxe4 22. Bc4 Bd8 23. Nd5 Qd7 24. Kb1 Bb5 25. Bxb5 axb5 26. Bb6 Nf6 27. Nxf6+ Bxf6 28. Qf3 Rab8 29. Ba5 Rc4 30. h3 Re8 31. Re4 Qc6 32. Rxc4 Qxc4 33. Qd3 Qxd3 34. Rxd3 e4 35. Rd2 Bg5 36. Re2 Kh7 37. Bb6 g6 38. g4 Kg7 39. Bd4+ Bf6 40. Bb6 h5 41. Be3 Be5 42. fxg6 Kxg6 43. c3 Rg8 44. Rg2 Kf6 45. Kc1 hxg4 46. hxg4 Ke6 47. Kc2 Rh8 48. Kd1 Rh1+ 49. Kc2 Rh3 50. Kd2 d5 51. Ke2 Rh1 52. Kd2 Rh3 53. Ke2 Bg3 54. Kd2 Ke5 55. Kd1 Bf4 56. Bd4+ Ke6 57. Rf2 Bg5 58. Rg2 Rh1+ 59. Kc2 f6 60. b3 Rh3 61. Bb6 Rh7 62. Bd4 Rh8 63. Kb2 Bf4 0-1

[Event "RB-2021-0-00405"]
[Site "LSS email"]
[Date "2021.07.29"]
[Round "?"]
[White "Mueller, Bernd"]
[Black "Langheld, Werner"]
[Result "1/2-1/2"]
[WhiteElo "1869"]
[BlackElo "1842"]
[PlyCount "54"]
[EventDate "2021.04.17"]
[EventType "tourn (corr)"]
[EventRounds "6"]
[EventCountry "GER"]
[SourceTitle "Corr 2024"]
[Source "ChessBase"]
[SourceDate "2023.10.19"]
[SourceVersion "1"]
[SourceVersionDate "2023.10.19"]
[SourceQuality "1"]

1. Nf3 Nf6 2. d4 b6 3. c4 Bb7 4. g3 e6 5. Bg2 Be7 6. Nc3 0-0 7. 0-0 d5 8. cxd5 Nxd5 9. Qc2 Nd7 10. e4 Nxc3 11. bxc3 c5 12. d5 c4 13. Rd1 exd5 14. exd5 Bc5 15. Nd2 Ne5 16. Ne4 Nd3 17. Nxc5 bxc5 18. Rxd3 cxd3 19. Qxd3 Qf6 20. Be3 c4 21. Qxc4 Rac8 22. Qb4 Qxc3 23. Qxc3 Rxc3 24. Bxa7 Rd3 25. Be4 Rc3 26. Bg2 Ra8 27. Be3 Rd3 1/2-1/2

[Event "RB-2021-0-00405"]
[Site "LSS email"]
[Date "2021.07.28"]
[Round "?"]
[White "Mueller, Bernd"]
[Black "Wittal, Werner"]
[Result "1/2-1/2"]
[WhiteElo "1869"]
[BlackElo "1942"]
[PlyCount "53"]
[EventDate "2021.04.17"]
[EventType "tourn (corr)"]
[EventRounds "6"]
[EventCountry "GER"]
[SourceTitle "Corr 2024"]
[Source "ChessBase"]
[SourceDate "2023.10.19"]
[SourceVersion "1"]
[SourceVersionDate "2023.10.19"]
[SourceQuality "1"]

1. b4 e5 2. Bb2 Bxb4 3. Bxe5 Nf6 4. Nf3 0-0 5. c4 d5 6. e3 Re8 7. Bb2 c6 8. cxd5 Nxd5 9. Qc2 g6 10. Nc3 Nxc3 11. Bxc3 Bf5 12. Qb3 Bxc3 13. Qxc3 Nd7 14. Be2 Be6 15. a4 Bd5 16. d4 Nf6 17. 0-0 Rc8 18. Rfc1 Qe7 19. Nd2 Rc7 20. Bd3 Qd6 21. h3 b6 22. Re1 Be4 23. Nc4 Qd8 24. Rad1 Qe7 25. Qb3 Bxd3 26. Qxd3 Rd8 27. e4 1/2-1/2

[Event "RB-2021-0-00405"]
[Site "LSS email"]
[Date "2021.07.23"]
[Round "?"]
[White "Mueller, Bernd"]
[Black "Sofia, Gerardo"]
[Result "1-0"]
[WhiteElo "1869"]
[BlackElo "1829"]
[PlyCount "67"]
[EventDate "2021.04.17"]
[EventType "tourn (corr)"]
[EventRounds "6"]
[EventCountry "GER"]
[SourceTitle "Corr 2024"]
[Source "ChessBase"]
[SourceDate "2023.10.19"]
[SourceVersion "1"]
[SourceVersionDate "2023.10.19"]
[SourceQuality "1"]

1. e4 c5 2. Nf3 d6 3. Bb5+ Bd7 4. Bxd7+ Nxd7 5. 0-0 Ngf6 6. Re1 e6 7. b3 Be7 8. Bb2 0-0 9. Qe2 a6 10. h3 d5 11. e5 Nh5 12. g3 g6 13. c4 d4 14. d3 Qc7 15. b4 b6 16. Nbd2 Ng7 17. bxc5 bxc5 18. Ba3 Rfd8 19. g4 Rab8 20. Bc1 Rb6 21. Nb3 a5 22. Bh6 a4 23. Nbd2 Rb2 24. a3 Qc6 25. Qf1 Rdb8 26. h4 Bd8 27. Qh3 Ba5 28. h5 gxh5 29. Ne4 Bxe1 30. Rxe1 Rb1 31. Rxb1 Rxb1+ 32. Kg2 Qa8 33. Qh4 Kh8 34. Qe7 1-0

[Event "LSS No Engine Cup 219 Preliminary 0"]
[Site "LSS email"]
[Date "2021.07.10"]
[Round "?"]
[White "Molina, Vicente Andres"]
[Black "Mueller, Bernd"]
[Result "0-1"]
[WhiteElo "1048"]
[BlackElo "2049"]
[PlyCount "70"]
[EventDate "2021.07.10"]
[EventType "tourn (corr)"]
[EventRounds "6"]
[EventCountry "GER"]
[SourceTitle "Corr 2024"]
[Source "ChessBase"]
[SourceDate "2023.10.19"]
[SourceVersion "1"]
[SourceVersionDate "2023.10.19"]
[SourceQuality "1"]

1. e4 d5 2. exd5 Nf6 3. d4 c5 4. Nf3 cxd4 5. Qxd4 Qxd5 6. Qxd5 Nxd5 7. Bc4 Nf6 8. Nc3 a6 9. Bf4 e6 10. 0-0-0 b5 11. Bd3 Bb7 12. Rhe1 Nbd7 13. Ne5 Bxg2 14. Nxd7 Nxd7 15. Be4 Bxe4 16. Nxe4 h5 17. Nd6+ Bxd6 18. Bxd6 Nf6 19. f3 0-0-0 20. Be7 Rxd1+ 21. Rxd1 Nd5 22. Bd6 Kd7 23. Be5 f6 24. Bg3 Ke7 25. h4 g5 26. hxg5 fxg5 27. Be5 Rf8 28. b3 Rxf3 29. c4 bxc4 30. bxc4 Ne3 31. Rd4 g4 32. c5 g3 33. Bd6+ Kf6 34. Kd2 g2 35. Bh2 Nf1+ 0-1

[Event "LSS No Engine Cup 219 Preliminary 0"]
[Site "LSS email"]
[Date "2021.07.10"]
[Round "?"]
[White "Potapov, Evgeniy"]
[Black "Mueller, Bernd"]
[Result "1/2-1/2"]
[WhiteElo "1944"]
[BlackElo "2049"]
[PlyCount "58"]
[EventDate "2021.07.10"]
[EventType "tourn (corr)"]
[EventRounds "6"]
[EventCountry "GER"]
[SourceTitle "Corr 2024"]
[Source "ChessBase"]
[SourceDate "2023.10.19"]
[SourceVersion "1"]
[SourceVersionDate "2023.10.19"]
[SourceQuality "1"]

1. e4 b6 2. d4 Bb7 3. Bd3 d6 4. Nc3 Nd7 5. Nf3 e5 6. 0-0 Be7 7. Qe2 Ngf6 8. Rd1 0-0 9. d5 a6 10. a4 Nc5 11. b4 Nxd3 12. cxd3 c6 13. dxc6 Bxc6 14. d4 Qb8 15. Bg5 h6 16. Bh4 Rc8 17. Rac1 b5 18. a5 Bb7 19. dxe5 dxe5 20. Bxf6 Bxf6 21. Nd5 Bxd5 22. exd5 Qd6 23. Qe4 Rab8 24. h4 Rc4 25. Rxc4 bxc4 26. Qxc4 Rxb4 27. Qc8+ Kh7 28. h5 e4 29. Nh2 Qe5 1/2-1/2

[Event "LSS No Engine Cup 219 Preliminary 0"]
[Site "LSS email"]
[Date "2021.07.10"]
[Round "?"]
[White "Zens, Rolf"]
[Black "Mueller, Bernd"]
[Result "0-1"]
[WhiteElo "1678"]
[BlackElo "2049"]
[PlyCount "52"]
[EventDate "2021.07.10"]
[EventType "tourn (corr)"]
[EventRounds "6"]
[EventCountry "GER"]
[SourceTitle "Corr 2024"]
[Source "ChessBase"]
[SourceDate "2023.10.19"]
[SourceVersion "1"]
[SourceVersionDate "2023.10.19"]
[SourceQuality "1"]

1. c4 e5 2. g3 Nf6 3. Bg2 Nc6 4. Nc3 Bb4 5. Nd5 Ba5 6. e3 Nxd5 7. cxd5 Nb4 8. Be4 c6 9. d6 Na6 10. a3 Qf6 11. b4 Bd8 12. Bb2 Qxd6 13. Nf3 Qe6 14. Bc2 Bf6 15. d4 e4 16. Ne5 d6 17. Bb3 Qe7 18. Ng4 h5 19. Nxf6+ Qxf6 20. h3 Be6 21. Bxe6 fxe6 22. Qe2 Qf5 23. d5 exd5 24. Bxg7 Rg8 25. Bd4 Nc7 26. 0-0-0 Kd7 0-1

[Event "RB-2021-0-00403"]
[Site "LSS email"]
[Date "2021.06.05"]
[Round "?"]
[White "Sofia, Gerardo"]
[Black "Mueller, Bernd"]
[Result "1-0"]
[WhiteElo "1833"]
[BlackElo "1898"]
[PlyCount "77"]
[EventDate "2021.02.02"]
[EventType "tourn (corr)"]
[EventRounds "6"]
[EventCountry "GER"]
[SourceTitle "Corr 2024"]
[Source "ChessBase"]
[SourceDate "2023.10.19"]
[SourceVersion "1"]
[SourceVersionDate "2023.10.19"]
[SourceQuality "1"]

1. d4 d5 2. c4 e6 3. Nf3 Nf6 4. Nc3 Nbd7 5. cxd5 exd5 6. Bf4 Bb4 7. e3 Ne4 8. Qc2 g5 9. Bg3 h5 10. h4 Nxc3 11. bxc3 gxh4 12. Bxh4 Be7 13. g3 c6 14. Rb1 Qc7 15. Bxe7 Kxe7 16. Be2 Nb6 17. Rh4 Be6 18. a4 Rag8 19. Qb3 Nd7 20. Qxb7 Qxb7 21. Rxb7 Rb8 22. Rxb8 Rxb8 23. Nd2 Rb2 24. Bxh5 Ra2 25. Bd1 Nb6 26. g4 Nxa4 27. Bxa4 Rxa4 28. f4 Ra1+ 29. Ke2 a5 30. f5 Bc8 31. Rh6 Ba6+ 32. c4 Kd7 33. Kf3 dxc4 34. Ne4 Kc7 35. Rf6 Kb6 36. Nc3 a4 37. Rxf7 Ra3 38. Ne4 c3 39. Rh7 1-0